| 000 | 01968nam a2200361 i 4500 | ||
|---|---|---|---|
| 999 |
_c65378 _d65378 |
||
| 001 | 768714001 | ||
| 003 | CO-MdFUSB | ||
| 005 | 20200225150839.0 | ||
| 007 | ta | ||
| 008 | 200213t1999 -us |||| |||| 00| 0 eng d | ||
| 020 | _a0802845851 | ||
| 040 |
_aCO-MdFUSB _bspa _cCO-MdFUSB _dCO-MdFUSBC _erda |
||
| 041 | _aeng | ||
| 082 |
_223 _a225.9505 _bJ59 |
||
| 100 |
_aJewett, Robert _eautor |
||
| 242 | _aSan Pablo vuelve al cine. | ||
| 245 | 1 |
_aSaint Paul returns to the movies : _btriumph over shame _c/ Robert Jewett. |
|
| 264 |
_aEstados Unidos : _bWm. B. Eerdmans Publishing Company, _c[1999] |
||
| 264 | _c© 1999 | ||
| 300 |
_a221 páginas _c; 23 cm |
||
| 336 |
_2rdacontent _atexto _btxt |
||
| 337 |
_2rdamedia _asin mediación _bn |
||
| 338 |
_2rdacarrier _avolumen _bnc |
||
| 505 | _aPrólogo. Descubriendo la vergüenza y la gracia en Paul y el cine: el amor y los secretos de la vergüenza. -- La exposición de secretos vergonzosos en El príncipe de las mareas: el banquete de Babette y la vergüenza de los pobres en Corinto. -- Vergüenza, amor. -- Transformar a los orgullosos y a los avergonzados. -- La obra y las cartas del Sr. Holland escritas en el corazón. -- El engaño mortal de la carne en el Día de la Marmota. -- Babe toma la delantera en honrar a los humildes. -- El vergonzoso evangelio y el problema de la redención. La sangre de Cristo al borde de la ciudad. -- El evangelio sin cargo: la esclavitud y la empresa. -- La vergüenza y el otro evangelio Sin perdón. -- Una esperanza problemática para los avergonzados en la redención. -- Epílogo. El gran código de las Escrituras: desde la prisión hasta las mareas de Carolina. | ||
| 563 | _aRústico | ||
| 630 | 0 | 7 |
_aBiblia _xCrítica, interpretación, etc. |
| 630 | 0 | 7 |
_aBiblia. _pNuevo Testamento |
| 653 | _aEpístolas de Pablo | ||
| 653 | _aPelículas -- Aspectos religiosos -- Cristianismo | ||
| 942 | _cBK | ||
| 945 |
_aJTF-925 _bAEM-53 |
||